| 000 | 00842nam a2200253Ia 4500 | ||
|---|---|---|---|
| 003 | OSt | ||
| 005 | 20220923222250.0 | ||
| 006 | a|||||r|||| 00| 0 | ||
| 007 | ta | ||
| 008 | 220922b |||||||| |||| 00| 0 doi d | ||
| 024 | _a204,115 | ||
| 037 | _cTextual | ||
| 040 |
_aARTS _cARTS _bdoi |
||
| 041 |
_2doi _adoi |
||
| 082 | _aO1541,3xN3, 152L7 | ||
| 100 |
_aशर्मा, मदनमोहन, संपा. _9156370 |
||
| 245 | 0 | _aडोगरी कहानियां | |
| 246 | _aḌogarī kahāniyāan | ||
| 260 |
_aनई दिल्ली _b साहित्य अकादमी _c1977 |
||
| 300 |
_a144पृ0 _ccm. |
||
| 650 | _aडोगरी साहित्य | ||
| 942 |
_hO1541,3xN3, 152L7 _cTEXL _2CC |
||
| 999 |
_c354864 _d354864 |
||